<?xml version="1.0" encoding="UTF-8"?>
<record
    xmlns:xsi="http://www.w3.org/2001/XMLSchema-instance"
    xsi:schemaLocation="http://www.loc.gov/MARC21/slim http://www.loc.gov/standards/marcxml/schema/MARC21slim.xsd"
    xmlns="http://www.loc.gov/MARC21/slim">

  <leader>05584cam a2200421 i 4500</leader>
  <controlfield tag="001">768714001</controlfield>
  <controlfield tag="003">CO-MdFUSB</controlfield>
  <controlfield tag="005">20250516103056.0</controlfield>
  <controlfield tag="007">ta</controlfield>
  <controlfield tag="008">011211t2001    pau           000 0 eng d</controlfield>
  <datafield tag="010" ind1=" " ind2=" ">
    <subfield code="a">  2001277969</subfield>
  </datafield>
  <datafield tag="020" ind1=" " ind2=" ">
    <subfield code="a">157954603X</subfield>
  </datafield>
  <datafield tag="020" ind1=" " ind2=" ">
    <subfield code="a">9781579546038</subfield>
  </datafield>
  <datafield tag="040" ind1=" " ind2=" ">
    <subfield code="a">MZI</subfield>
    <subfield code="b">eng</subfield>
    <subfield code="c">CO-MdFUSB</subfield>
    <subfield code="d">MZI</subfield>
    <subfield code="d">CO-MdFUSB</subfield>
    <subfield code="d">BAKER</subfield>
    <subfield code="d">BTCTA</subfield>
    <subfield code="d">YDXCP</subfield>
    <subfield code="d">QT5</subfield>
    <subfield code="d">OCLCQ</subfield>
    <subfield code="d">YVR</subfield>
    <subfield code="d">CS1</subfield>
    <subfield code="d">EEK</subfield>
    <subfield code="d">OCLCF</subfield>
    <subfield code="d">OCLCQ</subfield>
    <subfield code="d">OCLCO</subfield>
    <subfield code="d">OCL</subfield>
    <subfield code="d">OCLCQ</subfield>
    <subfield code="d">XFG</subfield>
    <subfield code="d">OCLCQ</subfield>
    <subfield code="d">OCLCO</subfield>
    <subfield code="d">MYL</subfield>
    <subfield code="d">XBE</subfield>
    <subfield code="d">OCLCQ</subfield>
    <subfield code="d">OCLCO</subfield>
    <subfield code="d">NLC</subfield>
    <subfield code="d">LKC</subfield>
    <subfield code="d">OCLCO</subfield>
    <subfield code="d">OCL</subfield>
    <subfield code="d">OCLCO</subfield>
    <subfield code="d">OCL</subfield>
    <subfield code="e">rda</subfield>
  </datafield>
  <datafield tag="041" ind1=" " ind2=" ">
    <subfield code="a">eng</subfield>
  </datafield>
  <datafield tag="042" ind1=" " ind2=" ">
    <subfield code="a">lccopycat</subfield>
  </datafield>
  <datafield tag="043" ind1=" " ind2=" ">
    <subfield code="a">n-us---</subfield>
  </datafield>
  <datafield tag="082" ind1=" " ind2=" ">
    <subfield code="2">23</subfield>
    <subfield code="a">248.2</subfield>
    <subfield code="b">F931</subfield>
  </datafield>
  <datafield tag="245" ind1="1" ind2=" ">
    <subfield code="a">From the ashes :</subfield>
    <subfield code="b">a spiritual response to the attack on America : experience, strength, and hope from spiritual leaders and extraordinary citizens </subfield>
    <subfield code="c">/ compilado y editado por Beliefnet.</subfield>
  </datafield>
  <datafield tag="264" ind1=" " ind2="1">
    <subfield code="a">Emmaus, Pensilvania :</subfield>
    <subfield code="b">Rodale,</subfield>
    <subfield code="c">[2001]</subfield>
  </datafield>
  <datafield tag="264" ind1=" " ind2="4">
    <subfield code="c">&#xA9; 2001</subfield>
  </datafield>
  <datafield tag="300" ind1=" " ind2=" ">
    <subfield code="a">274 p&#xE1;ginas ;</subfield>
    <subfield code="c">22 cm.</subfield>
  </datafield>
  <datafield tag="336" ind1=" " ind2=" ">
    <subfield code="a">texto</subfield>
    <subfield code="b">txt</subfield>
    <subfield code="2">rdacontent.</subfield>
  </datafield>
  <datafield tag="337" ind1=" " ind2=" ">
    <subfield code="a">sin mediaci&#xF3;n</subfield>
    <subfield code="b">n</subfield>
    <subfield code="2">rdamedia.</subfield>
  </datafield>
  <datafield tag="338" ind1=" " ind2=" ">
    <subfield code="a">volumen</subfield>
    <subfield code="b">nc</subfield>
    <subfield code="2">rdacarrier.</subfield>
  </datafield>
  <datafield tag="505" ind1=" " ind2=" ">
    <subfield code="a">1. Un llamado a la acci&#xF3;n: el desaf&#xED;o espiritual. Despierta de tu sue&#xF1;o / T.D. Jakes - No hay futuro sin perd&#xF3;n / Desmond M. Tutu - Torres Gemelas vistas desde un minarete occidental / Michael Wolfe - &#xBF;Cu&#xE1;l es la respuesta adecuada al odio y la violencia? / Neale Donald Walsch - Lo que el Buda sab&#xED;a / Christopher Largent - Orar por la paz es orar por la guerra / Forrest Church - Respira y recuerda a Dios / Kabir Helminski - 2. &#xBF;D&#xF3;nde estaba Dios? No me digas que no debemos culpar a Dios / David Wolpe - &#xBF;D&#xF3;nde estaba Dios? / Andrew M. Greeley - &#xBF;Se est&#xE1; castigando a Estados Unidos por su pecaminosidad? / Shmuley Boteach - Dios nos hizo agentes morales / Charles Colson - Dios fue donde Dios eligi&#xF3; estar / Kathleen Norris - El Dios te&#xED;sta est&#xE1; muerto / John Shelby Spong - 3. Semillas de gracia. Descansa en paz / Frederic y Mary Ann Brussat - El padre Mike se adelant&#xF3; para saludarlos a todos / Steven McDonald - Un c&#xE1;ntico evang&#xE9;lico de los buenos martes / Edward Hays - &#xBF;Qu&#xE9; podemos hacer sino rezar? / Mata Amritanandamayi (Amma) - Hazlo de nuevo, Se&#xF1;or / Max Lucado - Al ver a Dios en mis vecinos / Sharon Linn&#xE9;a - Oraci&#xF3;n de protecci&#xF3;n / Colleen Zuck - Un sacerdote en primera l&#xED;nea / Lloyd Prator - Brillante, m&#xE1;s brillante , m&#xE1;s brillante / Sri Chinmoy - La ra&#xED;z del amor / Paul Ferrini.-- 
</subfield>
  </datafield>
  <datafield tag="505" ind1=" " ind2="0">
    <subfield code="a">4. El mal y el enemigo. Lo que le dir&#xED;a a Osama Bin Laden / Thich Nhat Hanh - El mal sobre el que debemos triunfar / Daisaku Ikeda - El misterio del mal / Billy Graham - La diosa de la democracia: un arquetipo sagrado para sanar el mundo / Thom Hartmann - La vela y el armario / Rushworth M. Kidder - La nueva cara del enemigo / Sam Keen - Llama al mal por su nombre / Tom Bethell - &#xBF;Por qu&#xE9; Dios permite el mal? / Rick Warren --5. La cuesti&#xF3;n del islam. &#xBF;Es violento el islam? / Karen Armstrong - &#xBF;Qu&#xE9; dir&#xED;a Muhammad sobre el terrorismo? / Alex Kronemer - Encontrar la voz del Islam / Ingrid Mattson - Soy musulmana estadounidense - y tengo miedo / Rhonda Roumani - Musulmanes estadounidenses: una oraci&#xF3;n / Imam Izak-El Mu'eed Pasha - 6 El deseo de justicia. Sana el mundo: una respuesta multifaith a un asalto a nuestra humanidad / Arthur Magida - La moral del poder: &#xBF;c&#xF3;mo respondemos sin agacharnos al nivel de los terroristas? / Gregg Easterbrook - Una guerra contra el terrorismo es moral / Joseph Telushkin - La trampa de la ira: no podemos convertirnos en la imagen de lo que perseguimos / Rodger Kamenetz - Los criterios cristianos para la retribuci&#xF3;n / Richard Land - Restaurar nuestras almas / Denise Breton y Steve Lehman - Ceder ante el odio da la victoria a los terroristas / Bernard Cardinal Law - &#xBF;Es posible el perd&#xF3;n? / Johann Christoph Arnold - La venganza es del Se&#xF1;or (pero algo en m&#xED; quiere "bombardearlos") / Mary Lynn Tobi. -- 
7. Ense&#xF1;anzas y tradiciones. El mensaje del Papa / Juan Pablo II - Una carta al presidente / Dalai Lama - Una vista desde el coraz&#xF3;n hind&#xFA; / Satguru Sivaya Subramuniyaswamil - &#xBF;Qu&#xE9; har&#xED;a Jes&#xFA;s? / David P. Gushee - &#xBF;Qu&#xE9; har&#xED;a Buda? / Surya Das - Mitakuye Oyasin / Michael Hull - &#xBF;Qu&#xE9; har&#xED;a la diosa? / Halc&#xF3;n de las Estrellas - &#xBF;Qu&#xE9; har&#xED;a Mois&#xE9;s? / Joshua Wolf Shenk - 8. Miedo y vulnerabilidad. Elogio de peque&#xF1;as ambiciones / Hugh O'Neill - Todos vivimos en una suc&#xE1; / Arthur Waskow - Heraldos de la esperanza / Suzy Yehl Marta - Resistencia frente al miedo / Dan Baker - &#xBF;Qu&#xE9; les dices a los ni&#xF1;os? / Jean G. Fitzpatrick - Protegiendo nuestras relaciones / Hugh y Gayle Prather - Procesando una tragedia nacional / Bill Hybels - 9. Arrepentimiento. &#xBF;Es este un evento apocal&#xED;ptico? / Jerry B. Jenkins - Nuestro alejamiento de Dios / Michael Lerner - Arrepentirse / Frederica Mathewes-Green - Romper el ciclo / Paul Rogat Loeb - 10. De las cenizas. Dios todav&#xED;a responde las oraciones / Bruce Wilkinson - Un intento temprano de gratitud / David Steindl-Rast - Amabilidad / Sharon Salzberg - &#xBF;Qu&#xE9; bien puede venir de este mal? / William Webber - Negarles su victoria / Declaraci&#xF3;n interreligiosa.</subfield>
  </datafield>
  <datafield tag="520" ind1=" " ind2=" ">
    <subfield code="a">Recopila ensayos, poemas y otros escritos que ofrecen sabidur&#xED;a y orientaci&#xF3;n en la b&#xFA;squeda espiritual de la curaci&#xF3;n despu&#xE9;s de los ataques terroristas del 11 de septiembre.</subfield>
  </datafield>
  <datafield tag="563" ind1=" " ind2=" ">
    <subfield code="a">pasta dura</subfield>
  </datafield>
  <datafield tag="650" ind1=" " ind2="7">
    <subfield code="a">Cristianismo</subfield>
    <subfield code="9">22</subfield>
  </datafield>
  <datafield tag="650" ind1=" " ind2="0">
    <subfield code="a">Vida cristiana</subfield>
    <subfield code="9">19</subfield>
  </datafield>
  <datafield tag="650" ind1=" " ind2="0">
    <subfield code="a">Vida espiritual</subfield>
    <subfield code="9">51</subfield>
  </datafield>
  <datafield tag="710" ind1="2" ind2=" ">
    <subfield code="a">Beliefnet (Firm)</subfield>
  </datafield>
  <datafield tag="942" ind1=" " ind2=" ">
    <subfield code="c">BK</subfield>
  </datafield>
  <datafield tag="945" ind1=" " ind2=" ">
    <subfield code="a">JTF-925</subfield>
  </datafield>
  <datafield tag="952" ind1=" " ind2=" ">
    <subfield code="0">0</subfield>
    <subfield code="1">0</subfield>
    <subfield code="2">ddc</subfield>
    <subfield code="4">0</subfield>
    <subfield code="7">0</subfield>
    <subfield code="8">GEN</subfield>
    <subfield code="a">FUSBC</subfield>
    <subfield code="b">FUSBC</subfield>
    <subfield code="d">2020-06-27</subfield>
    <subfield code="l">0</subfield>
    <subfield code="o">G 248.2 F931f</subfield>
    <subfield code="p">9411</subfield>
    <subfield code="r">2020-06-27 00:00:00</subfield>
    <subfield code="t">Ej. 1</subfield>
    <subfield code="w">2020-06-27</subfield>
    <subfield code="y">BK</subfield>
    <subfield code="k">22</subfield>
  </datafield>
  <datafield tag="999" ind1=" " ind2=" ">
    <subfield code="c">66349</subfield>
    <subfield code="d">66349</subfield>
  </datafield>
</record>
